000 00642nam a2200229Ia 4500
005 20221203111519.0
008 140110s9999 xx 000 0 und d
020 _a9780415778183
_cRs.1513.00
040 _aLoreto College
041 _aEnglish
082 _a810
_bLEI
100 _aLeitch, Vincent B.
245 _aAmerican literary criticism since the 1930's
_cVincent B.Leitch
250 _a2nd ed.
260 _aLondon
_bRoutledge
_c2010
300 _a420p.
504 _aIncludes index and bibliographical references
650 _aAmerican Literature
651 _aAmerican Literary Criticism
850 _aLCLIB
942 _cBK
999 _c37143
_d87622